000 01166nam a2200277Ia 4500
003 OSt
005 20221005105852.0
006 a|||||r|||| 00| 0
007 ta
008 221004b |||||||| |||| 00| 0 tam d
020 _a8126025417 (pbk)
_c500
024 _a92249
037 _b524, 19/03/2009, Vani Prakashan
_cTextual
040 _aCRL
_cCRL
_btam
041 _2tam
_atam
082 _aO31,3N40:g, 152P7
100 _aकंदसामी, सा.
245 0 _aजॉंच कमीशन, अनु0 र. शौरिराजन
246 _aJaॉancha kamīshana, anu rashaurirājana
260 _aनई दिल्ली
_bसाहित्य अकादेमी ंभारत
_c2007
300 _a171पृ0
_ccm.
490 _aसाहित्य अकादेमी द्वारा पुरस्कृत तमिष़ उपन्यास
700 _a शौरिराजन, र., अनु.
_9623957
942 _hO31,3N40:g, 152P7
_cTEXL
_2cc
999 _c1017137
_d1017137